000 00509nam a2200193 a 4500
001 1773127630652
003 YourLibrary
005 20260310125913.0
008 260310s2006##################000#0#eng##
020 _a9780521865456
082 0 4 _a362.280947090
_bMOR
100 1 _aMorrissey, Susan K.,
_eauthor.
245 1 0 _aSuicide and the Body Politic in Imperial Russia :
260 _c2006.
300 _a408 pages
650 0 _aHistory.
942 _cENGLISH
040 _aYourLibrary
_beng
_cYourLibrary
999 _c617325
_d617325